|
|
|
|
| LEADER |
00775ncm a22002292a 4500 |
| 001 |
001078537 |
| 003 |
CZ BrMZK |
| 005 |
20100920143618.0 |
| 007 |
qu |
| 008 |
091208s1961 xr |||||||||||||||||zxx d |
| 040 |
|
|
|a BOA001
|b cze
|
| 072 |
|
7 |
|a 78
|x Hudba
|2 Konspekt
|9 9
|
| 100 |
1 |
|
|a Schulhoff, Ervín,
|d 1894-1942
|7 jn19990209756
|4 cmp
|
| 240 |
1 |
0 |
|a Koncerty,
|m smyčcové kvarteto, dechový orchestr
|
| 245 |
1 |
0 |
|a Concerto per quartetto d'archi con accompagnamento d'orchestra a fiato
|h [hudebnina] :
|b partitura /
|c Ervín Schulhoff
|
| 250 |
|
|
|a 1. vyd.
|
| 260 |
|
|
|a Praha :
|b Panton,
|c 1961
|
| 300 |
|
|
|a 112 s.
|
| 910 |
|
|
|a BOA001
|b Mus2-0465.263
|
| 990 |
|
|
|a MU
|
| 991 |
|
|
|b 200912
|
| 996 |
6 |
|
|b 2619437278
|c Mus2-0465.263
|l MZK
|r Sklad / do 1 hodiny
|n 0
|w 001100226
|u 000010
|a 1
|e BOA001
|j MZK50
|s P
|